| 000 | 00660cam a22002171 4500 | ||
|---|---|---|---|
| 999 |
_c126294 _d126294 |
||
| 001 | 4536418 | ||
| 003 | ARRUPE | ||
| 005 | 20170316110426.0 | ||
| 008 | 731207t19681967nyu b 000 0 eng | ||
| 010 | _a 67029612 | ||
| 040 |
_aDLC _cDLC _dDLC |
||
| 050 | 0 | 0 |
_aD16 _b.E4 1968 |
| 082 | 0 | 0 | _a907/.2 |
| 100 | 1 |
_aElton, G. R. _q(Geoffrey Rudolph) _929421 |
|
| 245 | 1 | 4 |
_aThe practice of history _cGeoffrey Rudolf Elton. |
| 260 |
_aNew York, _bCrowell _c[1968, c1967] |
||
| 300 |
_aix, 223 p. _c18 cm. |
||
| 504 | _aBibliographical footnotes. | ||
| 650 | 0 |
_aHistory _xMethodology. _929422 |
|
| 906 |
_a7 _bcbc _corignew _du _eocip _f19 _gy-gencatlg |
||
| 942 |
_2lcc _cMONOGRAPH |
||